000 00785nam a2200253 i 4500
001 34279
003 BD-RjUL
005 20211209052131.0
008 140516s1976 ii b b 001 0 eng d
035 _a(BD-RjUL)34373
040 _aDLC
_cDLC
_dBD-RjUL
_beng
041 _aeng
082 _a301.420954
_bFAM 1976
245 0 0 _aFamily, kinship and marriage among Muslims in India /
_cedited by Imtiaz Ahmad.
260 _aNew Delhi :
_bManohar,
_c1976.
300 _axxxiv, 367 p. :
_bill., maps ;
_c23 cm.
504 _aIncludes bibliographies and index.
650 0 _aFamilies
_zIndia.
_9104213
650 0 _aMarriage
_zIndia
_9104214
650 0 _aMuslims
_zIndia
_xSocial conditions.
_998570
700 1 _aAhmad, Imtiaz,
_d1940-
_9104215
942 _2ddc
_cBK
999 _c34279
_d34279